| 000 | 00392nam a22001457a 4500 | ||
|---|---|---|---|
| 003 | MACL | ||
| 005 | 20170929132916.0 | ||
| 008 | 170929b xxu||||| |||| 00| 0 eng d | ||
| 040 | _cMACL | ||
| 100 |
_aGrover, Amrita _969289 |
||
| 245 | _aMedieval Punjab : Perspectives on Historiography and Polity | ||
| 260 |
_aDelhi _bOriginals _c2006 |
||
| 650 |
_aIndian History _9227 |
||
| 942 |
_2ddc _cBK |
||
| 999 |
_c57068 _d57068 |
||